[Event "European Clubs Cup"]
[Site "chess24.com"]
[Date "2018.10.13"]
[Round "2"]
[White "Gupta, Milon"]
[Black "Richter, Christian"]
[Result "0-1"]
[Board "6"]
[WhiteElo "2206"]
[WhiteTitle "FM"]
[WhiteCountry "GER"]
[WhiteFideId "4608550"]
[WhiteEloChange "-6"]
[BlackElo "2356"]
[BlackTitle "IM"]
[BlackCountry "GER"]
[BlackFideId "4638654"]
[BlackEloChange "6"]

1. Nf3 {[%clk 1:30:57]} Nf6 {[%clk 1:30:49]} 2. c4 {[%clk 1:31:13]} g6 {[%clk
1:30:30]} 3. b3 {[%clk 1:31:25]} Bg7 {[%clk 1:29:51]} 4. Bb2 {[%clk 1:31:44]} O-O
{[%clk 1:29:31]} 5. g3 d6 {[%clk 1:22:51]} 6. d4 {[%clk 1:31:58]} c6 {[%clk
1:22:38]} 7. Bg2 {[%clk 1:31:12]} Bf5 {[%clk 1:15:40]} 8. O-O {[%clk 1:27:31]} d5
{[%clk 1:14:25]} 9. Nbd2 {[%clk 1:17:22]} Ne4 {[%clk 1:10:14]} 10. Nh4 {[%clk
0:57:54]} Nxd2 {[%clk 1:09:08]} 11. Qxd2 {[%clk 0:57:23]} Be6 {[%clk 1:08:10]}
12. Rac1 {[%clk 0:49:15]} Qb6 {[%clk 0:39:52]} 13. Ba1 {[%clk 0:41:08]} Rd8
{[%clk 0:36:37]} 14. Rfd1 {[%clk 0:33:16]} Nd7 {[%clk 0:30:46]} 15. e4 {[%clk
0:23:05]} dxe4 {[%clk 0:14:07]} 16. Bxe4 {[%clk 0:23:11]} Bg4 {[%clk 0:12:50]}
17. Bf3 {[%clk 0:16:38]} Bxf3 {[%clk 0:09:53]} 18. Nxf3 {[%clk 0:17:01]} Nf8
{[%clk 0:08:43]} 19. Qe2 {[%clk 0:13:40]} Qc7 {[%clk 0:08:16]} 20. Rc2 {[%clk
0:12:19]} Rd7 {[%clk 0:07:53]} 21. Rcd2 {[%clk 0:11:36]} Rad8 {[%clk 0:07:57]}
22. Bb2 {[%clk 0:06:18]} Qa5 {[%clk 0:07:25]} 23. Ba1 {[%clk 0:06:06]} Ne6 {[%clk
0:05:41]} 24. Kg2 {[%clk 0:04:15]} Qh5 {[%clk 0:04:08]} 25. Qe4 {[%clk 0:03:55]}
Ng5 {[%clk 0:03:21]} 26. Nxg5 {[%clk 0:04:07]} Qxg5 {[%clk 0:03:49]} 27. Bc3
{[%clk 0:03:34]} e6 {[%clk 0:03:07]} 28. Qf3 {[%clk 0:03:18]} Rc8 {[%clk
0:02:20]} 29. h4 {[%clk 0:03:31]} Qd8 {[%clk 0:02:22]} 30. Qe3 {[%clk 0:03:39]}
h5 {[%clk 0:02:23]} 31. Rd3 {[%clk 0:03:23]} Qb6 {[%clk 0:02:22]} 32. Qd2 {[%clk
0:03:32]} Qa6 {[%clk 0:02:07]} 33. a4 {[%clk 0:02:38]} Rcd8 {[%clk 0:01:49]} 34.
Ba5 {[%clk 0:02:36]} Rc8 {[%clk 0:01:45]} 35. Bc3 {[%clk 0:03:03]} Rcd8 {[%clk
0:01:44]} 36. Ba5 {[%clk 0:03:31]} b6 {[%clk 0:01:58]} 37. Bc3 {[%clk 0:03:59]}
Qb7 {[%clk 0:01:52]} 38. Kg1 {[%clk 0:04:18]} Rd6 {[%clk 0:01:26]} 39. Qe3 {[%clk
0:03:03]} R6d7 {[%clk 0:01:28]} 40. Bb4 {[%clk 0:32:16]} Qa8 {[%clk 0:31:07]} 41.
Ba3 {[%clk 0:31:57]} Qc8 {[%clk 0:27:22]} 42. Qe4 {[%clk 0:27:48]} Qb7 {[%clk
0:24:27]} 43. Kh2 {[%clk 0:23:30]} a6 {[%clk 0:21:21]} 44. Bc1 {[%clk 0:20:01]}
b5 {[%clk 0:13:51]} 45. axb5 {[%clk 0:13:35]} axb5 {[%clk 0:14:00]} 46. Bg5
{[%clk 0:12:11]} bxc4 {[%clk 0:11:09]} 47. bxc4 {[%clk 0:11:55]} Rc8 {[%clk
0:10:59]} 48. R3d2 {[%clk 0:10:02]} Qb4 {[%clk 0:10:29]} 49. Qe2 {[%clk 0:09:02]}
Qa5 {[%clk 0:09:10]} 50. Qf3 {[%clk 0:08:31]} Qa4 {[%clk 0:07:22]} 51. Qe2 {[%clk
0:07:38]} Qa6 {[%clk 0:06:48]} 52. Kg2 {[%clk 0:06:07]} Rb8 {[%clk 0:06:15]} 53.
Be3 {[%clk 0:05:20]} Rb4 {[%clk 0:06:19]} 54. Rc2 {[%clk 0:05:10]} Ra4 {[%clk
0:05:04]} 55. Qf3 {[%clk 0:03:58]} Rxc4 {[%clk 0:04:12]} 56. Rxc4 {[%clk
0:04:22]} Qxc4 {[%clk 0:04:36]} 57. Rc1 {[%clk 0:04:41]} Qd5 {[%clk 0:03:04]} 58.
Rxc6 {[%clk 0:05:05]} Qxf3+ {[%clk 0:02:13]} 59. Kxf3 {[%clk 0:05:33]} Bxd4
{[%clk 0:02:32]} 60. Bxd4 {[%clk 0:06:00]} Rxd4 {[%clk 0:02:54]} 61. Ke3 {[%clk
0:05:42]} Ra4 {[%clk 0:03:03]} 62. Rc5 {[%clk 0:05:36]} Kg7 {[%clk 0:03:23]} 63.
Rb5 {[%clk 0:05:50]} Ra2 {[%clk 0:03:25]} 64. Kf3 {[%clk 0:06:11]} Kf6 {[%clk
0:03:46]} 65. Rc5 {[%clk 0:06:27]} Rb2 {[%clk 0:04:03]} 66. Ra5 {[%clk 0:06:51]}
Rc2 {[%clk 0:04:28]} 67. Rb5 {[%clk 0:07:18]} Ra2 {[%clk 0:04:53]} 68. Rc5 {[%clk
0:07:43]} e5 {[%clk 0:03:36]} 69. Rb5 {[%clk 0:07:09]} Kf5 {[%clk 0:03:17]} 70.
Rb7 {[%clk 0:06:52]} Ra3+ {[%clk 0:02:57]} 71. Kg2 {[%clk 0:06:58]} f6 {[%clk
0:02:27]} 72. Rf7 {[%clk 0:06:23]} Ra2 {[%clk 0:02:32]} 73. Rf8 {[%clk 0:06:00]}
Rd2 {[%clk 0:02:33]} 74. Rf7 {[%clk 0:06:17]} Ke6 {[%clk 0:02:59]} 75. Rg7 {[%clk
0:06:31]} Kf5 {[%clk 0:03:13]} 76. Rf7 {[%clk 0:06:58]} Rc2 {[%clk 0:03:16]} 77.
Rf8 {[%clk 0:07:23]} Rb2 {[%clk 0:03:41]} 78. Rf7 {[%clk 0:07:49]} Rd2 {[%clk
0:04:07]} 79. Rf8 {[%clk 0:08:16]} Ke6 {[%clk 0:04:05]} 80. Kf3 {[%clk 0:08:09]}
Rd7 {[%clk 0:03:31]} 81. Rg8 {[%clk 0:08:08]} Kf7 {[%clk 0:03:51]} 82. Ra8 {[%clk
0:08:33]} Rd4 {[%clk 0:02:09]} 83. Ra7+ {[%clk 0:08:53]} Ke6 {[%clk 0:02:33]} 84.
Rg7 {[%clk 0:09:00]} Kf5 {[%clk 0:02:55]} 85. Rf7 {[%clk 0:09:13]} Rd8 {[%clk
0:02:01]} 86. Kg2 {[%clk 0:09:19]} Rc8 {[%clk 0:02:09]} 87. Kf3 {[%clk 0:09:17]}
Ra8 {[%clk 0:02:34]} 88. Kg2 {[%clk 0:09:44]} g5 {[%clk 0:02:58]} 89. hxg5 {[%clk
0:10:08]} Kxg5 {[%clk 0:03:24]} 90. Rg7+ {[%clk 0:10:15]} Kf5 {[%clk 0:03:38]}
91. Rh7 {[%clk 0:10:19]} Kg6 {[%clk 0:04:05]} 92. Re7 {[%clk 0:10:36]} Ra3 {[%clk
0:03:32]} 93. Re8 {[%clk 0:10:53]} Rb3 {[%clk 0:03:40]} 94. Rg8+ {[%clk 0:11:02]}
Kh7 {[%clk 0:04:05]} 95. Rf8 {[%clk 0:11:28]} Kg7 {[%clk 0:04:30]} 96. Re8 {[%clk
0:11:53]} Rc3 {[%clk 0:04:51]} 97. Re7+ {[%clk 0:12:12]} Kg6 {[%clk 0:05:15]} 98.
Re8 {[%clk 0:12:38]} Rc4 {[%clk 0:03:49]} 99. Kf3 {[%clk 0:12:27]} Rb4 {[%clk
0:03:41]} 100. Re7 {[%clk 0:12:24]} Rg4 {[%clk 0:03:25]} 101. Re8 {[%clk
0:12:05]} Rb4 {[%clk 0:01:45]} 102. Re7 {[%clk 0:12:27]} Ra4 {[%clk 0:02:00]}
103. Re8 {[%clk 0:12:51]} Ra3+ {[%clk 0:02:26]} 104. Kg2 {[%clk 0:13:16]} Ra7
{[%clk 0:02:19]} 105. Kf3 {[%clk 0:13:33]} Rh7 {[%clk 0:01:51]} 106. Rg8+ {[%clk
0:13:44]} Kf7 {[%clk 0:02:08]} 107. Ra8 {[%clk 0:14:08]} Ke6 {[%clk 0:02:34]}
108. Ra6+ {[%clk 0:13:34]} Kf5 {[%clk 0:03:00]} 109. Ra5 {[%clk 0:13:41]} Rh8
{[%clk 0:02:22]} 110. Rb5 {[%clk 0:14:06]} Ra8 {[%clk 0:02:36]} 111. Rb7 {[%clk
0:13:28]} Rh8 {[%clk 0:01:23]} 112. Rb5 {[%clk 0:13:47]} h4 {[%clk 0:01:27]} 113.
gxh4 {[%clk 0:14:12]} Rxh4 {[%clk 0:01:52]} 114. Ra5 {[%clk 0:14:24]} Rh3+ {[%clk
0:02:19]} 115. Ke2 {[%clk 0:14:37]} Rb3 {[%clk 0:02:46]} 116. Rc5 {[%clk
0:12:06]} Ra3 {[%clk 0:03:09]} 117. Rb5 {[%clk 0:12:31]} Kf4 {[%clk 0:03:30]}
118. Rb4+ {[%clk 0:11:02]} e4 {[%clk 0:03:48]} 119. Rb6 {[%clk 0:11:09]} Ke5
{[%clk 0:04:09]} 120. Rb5+ {[%clk 0:11:27]} Kf4 {[%clk 0:04:38]} 121. Rb6 {[%clk
0:11:50]} f5 {[%clk 0:05:00]} 122. Rb5 {[%clk 0:10:14]} Kg4 {[%clk 0:04:47]} 123.
Rb4 {[%clk 0:09:17]} Ra1 {[%clk 0:02:07]} 124. f3+ {[%clk 0:08:15]} Kg3 {[%clk
0:01:51]} 125. fxe4 {[%clk 0:06:22]} f4 {[%clk 0:01:54]} 126. Rb8 {[%clk
0:03:37]} f3+ {[%clk 0:01:28]} 127. Ke3 {[%clk 0:03:26]} Re1+ {[%clk 0:01:22]}
128. Kd4 {[%clk 0:03:14]} f2 {[%clk 0:01:29]} 129. Rg8+ {[%clk 0:02:54]} Kh4
{[%clk 0:01:35]} 130. Rf8 {[%clk 0:02:53]} f1Q {[%clk 0:01:55]} 131. Rxf1 {[%clk
0:03:17]} Rxf1 {[%clk 0:02:19]} 132. Ke5 {[%clk 0:03:03]} Kg5 {[%clk 0:02:42]}
133. Kd6 {[%clk 0:03:05]} Rd1+ {[%clk 0:02:55]} 134. Ke6 {[%clk 0:03:18]} Kf4
{[%clk 0:03:13]} 0-1

[Event "European Clubs Cup"]
[Site "chess24.com"]
[Date "2018.10.13"]
[Round "2"]
[White "Petursson, Margeir"]
[Black "Mutschnik, Illya"]
[Result "1-0"]
[Board "4"]
[WhiteElo "2486"]
[WhiteTitle "GM"]
[WhiteCountry "ISL"]
[WhiteFideId "2300028"]
[WhiteEloChange "4"]
[BlackElo "2411"]
[BlackTitle "IM"]
[BlackCountry "GER"]
[BlackFideId "14111080"]
[BlackEloChange "-4"]

1. d4 {[%clk 1:30:57]} Nf6 {[%clk 1:30:49]} 2. c4 {[%clk 1:31:20]} g6 {[%clk
1:31:12]} 3. Nc3 {[%clk 1:31:43]} Bg7 {[%clk 1:31:34]} 4. e4 {[%clk 1:32:08]} d6
{[%clk 1:31:58]} 5. Be2 {[%clk 1:32:31]} O-O {[%clk 1:32:17]} 6. Bg5 {[%clk
1:32:57]} c5 {[%clk 1:32:04]} 7. d5 {[%clk 1:33:19]} h6 {[%clk 1:29:52]} 8. Bf4
{[%clk 1:33:20]} e6 {[%clk 1:29:06]} 9. dxe6 {[%clk 1:31:46]} Bxe6 {[%clk
1:25:33]} 10. Qd2 {[%clk 1:29:33]} Qa5 {[%clk 1:14:28]} 11. Bxh6 {[%clk 1:28:43]}
Bxh6 {[%clk 0:59:11]} 12. Qxh6 {[%clk 1:26:03]} Nxe4 {[%clk 0:59:31]} 13. Rc1
{[%clk 1:26:20]} Nxc3 {[%clk 0:53:09]} 14. Rxc3 {[%clk 1:25:44]} Qxa2 {[%clk
0:49:50]} 15. Qc1 {[%clk 1:25:49]} Qa5 {[%clk 0:48:46]} 16. h4 {[%clk 1:25:12]}
Kg7 {[%clk 0:37:17]} 17. h5 {[%clk 1:02:00]} Rh8 {[%clk 0:37:05]} 18. Nf3 {[%clk
0:57:38]} Nd7 {[%clk 0:30:14]} 19. Ng5 {[%clk 0:47:31]} Rae8 {[%clk 0:29:26]} 20.
Kf1 {[%clk 0:36:31]} Rh6 {[%clk 0:29:14]} 21. g4 {[%clk 0:35:27]} Ne5 {[%clk
0:22:50]} 22. Rg3 {[%clk 0:27:56]} Bd7 {[%clk 0:20:51]} 23. Rhh3 {[%clk 0:21:29]}
Reh8 {[%clk 0:17:25]} 24. Kg2 {[%clk 0:15:28]} f6 {[%clk 0:15:52]} 25. Ne4 {[%clk
0:08:55]} Bc6 {[%clk 0:16:11]} 26. Qe3 {[%clk 0:09:02]} Nf7 {[%clk 0:11:47]} 27.
Bf3 {[%clk 0:07:19]} Re8 {[%clk 0:10:15]} 28. hxg6 {[%clk 0:04:06]} Rxh3 {[%clk
0:09:57]} 29. gxf7 {[%clk 0:03:58]} Rxg3+ {[%clk 0:10:24]} 30. Kxg3 {[%clk
0:04:09]} Re6 {[%clk 0:04:31]} 31. Qh6+ {[%clk 0:03:20]} Kxf7 {[%clk 0:04:57]}
32. g5 {[%clk 0:02:54]} Bxe4 {[%clk 0:04:06]} 33. Bxe4 {[%clk 0:02:52]} Qe1
{[%clk 0:02:19]} 34. g6+ {[%clk 0:02:14]} Ke7 {[%clk 0:02:35]} 35. Qh7+ {[%clk
0:02:18]} Kd8 {[%clk 0:03:02]} 36. g7 {[%clk 0:02:35]} Re8 {[%clk 0:01:05]} 37.
g8Q {[%clk 0:02:47]} Rxg8+ {[%clk 0:00:56]} 38. Qxg8+ {[%clk 0:03:09]} Ke7 {[%clk
0:00:52]} 39. Qg7+ {[%clk 0:03:10]} 1-0

[Event "European Clubs Cup"]
[Site "chess24.com"]
[Date "2018.10.13"]
[Round "2"]
[White "Hamiti, Gani"]
[Black "Millward, Kevin P"]
[Result "1-0"]
[Board "4"]
[WhiteElo "2149"]
[WhiteTitle "FM"]
[WhiteCountry "KOS"]
[WhiteFideId "4701194"]
[WhiteEloChange "7"]
[BlackElo "2023"]
[BlackCountry "ENG"]
[BlackFideId "404721"]
[BlackEloChange "-7"]

1. e4 {[%clk 1:30:57]} d5 {[%clk 1:30:32]} 2. Nc3 {[%clk 1:30:35]} dxe4 {[%clk
1:27:47]} 3. Nxe4 {[%clk 1:30:48]} Nf6 {[%clk 1:20:37]} 4. Ng3 {[%clk 1:26:27]}
e5 {[%clk 1:08:38]} 5. Bc4 {[%clk 1:23:19]} Bd6 {[%clk 0:55:32]} 6. d3 {[%clk
1:22:27]} Qe7 {[%clk 0:48:49]} 7. Bg5 {[%clk 1:17:22]} h6 {[%clk 0:43:57]} 8.
Bxf6 {[%clk 1:16:51]} Qxf6 {[%clk 0:42:37]} 9. Ne4 {[%clk 1:16:07]} Qg6 {[%clk
0:40:18]} 10. Nxd6+ {[%clk 1:13:33]} cxd6 {[%clk 0:35:43]} 11. Qf3 {[%clk
1:10:13]} Nc6 {[%clk 0:32:04]} 12. Ne2 {[%clk 1:08:30]} Be6 {[%clk 0:23:04]} 13.
Bxe6 {[%clk 0:58:02]} Qxe6 {[%clk 0:22:44]} 14. O-O {[%clk 0:58:13]} d5 {[%clk
0:19:42]} 15. d4 {[%clk 0:53:13]} e4 {[%clk 0:16:56]} 16. Qa3 {[%clk 0:45:50]}
O-O-O {[%clk 0:13:55]} 17. b4 {[%clk 0:45:18]} Qd6 {[%clk 0:11:47]} 18. Rab1
{[%clk 0:42:01]} f5 {[%clk 0:09:57]} 19. f4 {[%clk 0:36:22]} exf3 {[%clk
0:08:23]} 20. Qxf3 {[%clk 0:36:29]} Rhf8 {[%clk 0:07:11]} 21. c3 {[%clk 0:32:32]}
g5 {[%clk 0:05:18]} 22. Rbe1 {[%clk 0:29:06]} Rde8 {[%clk 0:03:54]} 23. Nc1
{[%clk 0:29:00]} Re4 {[%clk 0:03:10]} 24. Nd3 {[%clk 0:26:08]} b6 {[%clk
0:03:06]} 25. Nf2 {[%clk 0:24:39]} Re6 {[%clk 0:01:50]} 26. Nd3 {[%clk 0:22:47]}
Re4 {[%clk 0:02:17]} 27. Nf2 {[%clk 0:17:36]} Re6 {[%clk 0:02:41]} 28. Re2 {[%clk
0:16:51]} Rxe2 {[%clk 0:01:52]} 29. Qxe2 {[%clk 0:17:15]} Qe7 {[%clk 0:01:00]}
30. Qf3 {[%clk 0:15:21]} Qe6 {[%clk 0:01:01]} 31. Nd3 {[%clk 0:11:49]} Qe4 {[%clk
0:01:30]} 32. Qh3 {[%clk 0:11:59]} Qe6 {[%clk 0:00:38]} 33. Re1 {[%clk 0:11:58]}
Qd6 {[%clk 0:00:35]} 34. b5 {[%clk 0:10:38]} Na5 {[%clk 0:00:40]} 35. Re5 {[%clk
0:10:21]} g4 {[%clk 0:00:36]} 36. Qh5 {[%clk 0:08:02]} Nc4 {[%clk 0:00:38]} 37.
Rxf5 {[%clk 0:06:57]} Ne3 {[%clk 0:00:58]} 38. Rf2 {[%clk 0:03:01]} Rxf2 {[%clk
0:00:48]} 39. Kxf2 {[%clk 0:03:15]} Nd1+ {[%clk 0:00:37]} 40. Kg1 {[%clk
0:33:01]} Qe6 {[%clk 0:30:40]} 41. Qe5 {[%clk 0:25:42]} Qxe5 {[%clk 0:26:03]} 42.
Nxe5 {[%clk 0:18:48]} h5 {[%clk 0:20:46]} 43. c4 {[%clk 0:17:44]} dxc4 {[%clk
0:15:11]} 44. Nxc4 {[%clk 0:17:35]} Nc3 {[%clk 0:13:28]} 45. Kf2 {[%clk 0:15:09]}
Nxa2 {[%clk 0:12:16]} 46. Kg3 {[%clk 0:14:13]} Nc3 {[%clk 0:12:06]} 47. Na3
{[%clk 0:14:14]} Nxb5 {[%clk 0:02:38]} 48. Nxb5 {[%clk 0:14:24]} a6 {[%clk
0:03:02]} 49. Nc3 {[%clk 0:14:36]} b5 {[%clk 0:00:54]} 50. Kh4 {[%clk 0:14:08]}
b4 {[%clk 0:00:50]} 51. Na4 {[%clk 0:14:27]} Kc7 {[%clk 0:00:38]} 52. Kxh5 {[%clk
0:11:32]} Kc6 {[%clk 0:01:05]} 53. d5+ {[%clk 0:04:21]} Kxd5 {[%clk 0:01:06]} 54.
Kxg4 {[%clk 0:04:37]} Kc4 {[%clk 0:00:41]} 55. h4 {[%clk 0:04:56]} b3 {[%clk
0:00:45]} 56. h5 {[%clk 0:04:50]} Kb4 {[%clk 0:01:01]} 57. Nb2 {[%clk 0:05:14]}
Kc3 {[%clk 0:00:46]} 58. h6 {[%clk 0:05:36]} Kxb2 {[%clk 0:01:15]} 59. h7 {[%clk
0:05:58]} Kc2 {[%clk 0:00:45]} 60. h8Q {[%clk 0:06:23]} b2 {[%clk 0:01:08]} 61.
Qc8+ {[%clk 0:06:26]} Kd2 {[%clk 0:01:10]} 62. Qb7 {[%clk 0:06:47]} Kc3 {[%clk
0:00:48]} 63. Qf3+ {[%clk 0:05:45]} Kd2 {[%clk 0:00:45]} 64. Qb3 {[%clk 0:05:56]}
Kc1 {[%clk 0:01:04]} 65. Qc3+ {[%clk 0:06:18]} Kb1 {[%clk 0:01:26]} 66. Qd3+
{[%clk 0:06:22]} 1-0

[Event "European Clubs Cup"]
[Site "chess24.com"]
[Date "2018.10.13"]
[Round "2"]
[White "Marzano, Carlo"]
[Black "Samoun, Florent"]
[Result "1-0"]
[Board "2"]
[WhiteElo "2233"]
[WhiteCountry "ITA"]
[WhiteFideId "802980"]
[WhiteEloChange "13"]
[BlackElo "2322"]
[BlackTitle "FM"]
[BlackCountry "FRA"]
[BlackFideId "664995"]
[BlackEloChange "-13"]

1. d4 {[%clk 1:30:56]} Nf6 {[%clk 1:30:25]} 2. c4 {[%clk 1:31:08]} c5 {[%clk
1:29:45]} 3. d5 {[%clk 1:31:32]} b5 {[%clk 1:29:45]} 4. Qc2 {[%clk 1:31:56]} bxc4
{[%clk 1:27:31]} 5. e4 {[%clk 1:32:20]} d6 {[%clk 1:27:48]} 6. Bxc4 {[%clk
1:32:38]} g6 {[%clk 1:27:43]} 7. Nf3 {[%clk 1:33:01]} Bg7 {[%clk 1:27:57]} 8. O-O
{[%clk 1:33:20]} O-O {[%clk 1:28:12]} 9. h3 {[%clk 1:33:45]} Ba6 {[%clk 1:21:20]}
10. Na3 {[%clk 1:34:01]} Qc8 {[%clk 1:13:39]} 11. Rb1 {[%clk 1:19:49]} Nbd7
{[%clk 1:11:34]} 12. b3 {[%clk 1:19:34]} Nb6 {[%clk 1:09:02]} 13. Re1 {[%clk
1:11:40]} Rb8 {[%clk 1:00:04]} 14. Bf4 {[%clk 1:07:37]} Rd8 {[%clk 0:53:16]} 15.
Rbd1 {[%clk 0:47:40]} Bxc4 {[%clk 0:47:11]} 16. Nxc4 {[%clk 0:43:01]} Qa6 {[%clk
0:32:05]} 17. Nfd2 {[%clk 0:42:29]} Rb7 {[%clk 0:25:31]} 18. Rb1 {[%clk 0:30:46]}
Ne8 {[%clk 0:21:30]} 19. Bg5 {[%clk 0:26:04]} h6 {[%clk 0:20:12]} 20. Bh4 {[%clk
0:26:12]} Rdb8 {[%clk 0:18:06]} 21. Rbd1 {[%clk 0:22:01]} Kf8 {[%clk 0:17:26]}
22. Bg3 {[%clk 0:15:33]} Rd8 {[%clk 0:14:08]} 23. Kh1 {[%clk 0:15:33]} Nc7 {[%clk
0:13:39]} 24. a4 {[%clk 0:09:00]} Kg8 {[%clk 0:12:47]} 25. Re3 {[%clk 0:08:36]}
Nca8 {[%clk 0:11:11]} 26. Na3 {[%clk 0:05:03]} Nc7 {[%clk 0:11:00]} 27. Nac4
{[%clk 0:05:23]} Ne8 {[%clk 0:09:34]} 28. Rd3 {[%clk 0:05:19]} Nf6 {[%clk
0:09:22]} 29. Re1 {[%clk 0:04:45]} Nfd7 {[%clk 0:09:00]} 30. f4 {[%clk 0:03:59]}
Nxc4 {[%clk 0:08:52]} 31. Nxc4 {[%clk 0:04:25]} Nb6 {[%clk 0:08:50]} 32. Nd2
{[%clk 0:03:43]} Qa5 {[%clk 0:08:15]} 33. Rc1 {[%clk 0:03:28]} Kh7 {[%clk
0:06:22]} 34. Be1 {[%clk 0:03:41]} Qa6 {[%clk 0:06:35]} 35. Re3 {[%clk 0:02:34]}
Rc8 {[%clk 0:06:32]} 36. Qd3 {[%clk 0:02:15]} Qxd3 {[%clk 0:06:27]} 37. Rxd3
{[%clk 0:02:44]} c4 {[%clk 0:05:43]} 38. Nxc4 {[%clk 0:02:55]} Nxc4 {[%clk
0:05:52]} 39. bxc4 {[%clk 0:02:16]} Rbc7 {[%clk 0:05:55]} 40. Bh4 {[%clk
0:31:03]} g5 {[%clk 0:33:25]} 41. fxg5 {[%clk 0:26:22]} Rxc4 {[%clk 0:31:59]} 42.
Rxc4 {[%clk 0:20:44]} Rxc4 {[%clk 0:32:09]} 43. gxh6 {[%clk 0:20:38]} Be5 {[%clk
0:24:59]} 44. g4 {[%clk 0:14:27]} Rxe4 {[%clk 0:19:08]} 45. Bxe7 {[%clk 0:14:17]}
Rxa4 {[%clk 0:19:23]} 46. g5 {[%clk 0:11:32]} a5 {[%clk 0:16:37]} 47. Kg2 {[%clk
0:07:35]} Rc4 {[%clk 0:11:25]} 48. Rf3 {[%clk 0:06:01]} Rf4 {[%clk 0:08:27]} 49.
Rb3 {[%clk 0:06:29]} Rb4 {[%clk 0:05:55]} 50. Rf3 {[%clk 0:06:58]} Rb2+ {[%clk
0:04:52]} 51. Kf1 {[%clk 0:07:14]} a4 {[%clk 0:00:54]} 52. h4 {[%clk 0:07:43]}
Kg8 {[%clk 0:00:35]} 53. h5 {[%clk 0:06:08]} Rb3 {[%clk 0:00:48]} 54. h7+ {[%clk
0:05:34]} Kxh7 {[%clk 0:00:44]} 55. Rxf7+ {[%clk 0:05:52]} Kg8 {[%clk 0:00:59]}
56. Rf8+ {[%clk 0:02:15]} Kg7 {[%clk 0:01:23]} 57. Ra8 {[%clk 0:01:30]} a3 {[%clk
0:01:10]} 58. g6 {[%clk 0:01:38]} Rh3 {[%clk 0:00:41]} 59. Bf8+ {[%clk 0:00:51]}
Kf6 {[%clk 0:01:05]} 60. g7 {[%clk 0:00:58]} Kf7 {[%clk 0:00:53]} 61. g8Q+ {[%clk
0:00:42]} Kxg8 {[%clk 0:01:17]} 62. Bxd6+ {[%clk 0:01:07]} Kf7 {[%clk 0:01:28]}
63. Bxe5 {[%clk 0:01:26]} Rxh5 {[%clk 0:01:42]} 64. d6 {[%clk 0:01:16]} Ke6
{[%clk 0:01:04]} 65. Bg3 {[%clk 0:00:39]} Rh1+ {[%clk 0:01:18]} 66. Ke2 {[%clk
0:00:57]} Rg1 {[%clk 0:01:37]} 67. Rxa3 {[%clk 0:01:07]} Rh1 {[%clk 0:01:50]} 68.
Re3+ {[%clk 0:01:26]} Kd7 {[%clk 0:02:16]} 69. Re7+ {[%clk 0:01:51]} Kd8 {[%clk
0:02:43]} 70. Kf3 {[%clk 0:01:57]} Rh6 {[%clk 0:03:04]} 71. Ke4 {[%clk 0:02:07]}
Rg6 {[%clk 0:03:25]} 72. Be5 {[%clk 0:02:23]} Rh6 {[%clk 0:03:46]} 73. Kd5 {[%clk
0:02:46]} Rg6 {[%clk 0:04:06]} 74. Rg7 {[%clk 0:02:39]} Rh6 {[%clk 0:04:31]} 75.
Kc6 {[%clk 0:03:01]} 1-0

[Event "European Clubs Cup"]
[Site "chess24.com"]
[Date "2018.10.13"]
[Round "2"]
[White "Buscher, Michael"]
[Black "Tsarouhas, Konstantinos"]
[Result "1/2-1/2"]
[Board "3"]
[WhiteElo "2393"]
[WhiteTitle "FM"]
[WhiteCountry "GER"]
[WhiteFideId "4617533"]
[WhiteEloChange "-6"]
[BlackElo "2154"]
[BlackCountry "GRE"]
[BlackFideId "4201094"]
[BlackEloChange "6"]

1. e4 {[%clk 1:30:58]} c5 {[%clk 1:30:53]} 2. Nf3 {[%clk 1:31:26]} e6 {[%clk
1:31:16]} 3. c3 {[%clk 1:31:54]} Nf6 {[%clk 1:31:41]} 4. e5 {[%clk 1:32:21]} Nd5
{[%clk 1:32:08]} 5. Bc4 {[%clk 1:32:49]} Nb6 {[%clk 1:30:45]} 6. Bb3 {[%clk
1:33:08]} d6 {[%clk 1:29:17]} 7. exd6 {[%clk 1:32:41]} Nc6 {[%clk 1:27:31]} 8. d4
{[%clk 1:32:36]} cxd4 {[%clk 1:25:19]} 9. Nxd4 {[%clk 1:33:00]} Nxd4 {[%clk
1:24:24]} 10. Qxd4 {[%clk 1:33:25]} Qxd6 {[%clk 1:24:41]} 11. Be3 {[%clk
1:33:20]} Qxd4 {[%clk 1:10:28]} 12. Bxd4 {[%clk 1:33:46]} Bd6 {[%clk 1:10:50]}
13. Nd2 {[%clk 1:31:14]} O-O {[%clk 1:03:44]} 14. Rd1 {[%clk 1:24:32]} e5 {[%clk
0:51:23]} 15. Bxb6 {[%clk 1:17:22]} axb6 {[%clk 0:51:38]} 16. Nc4 {[%clk
1:17:33]} Bc7 {[%clk 0:51:37]} 17. Nd6 {[%clk 1:17:41]} Be6 {[%clk 0:39:37]} 18.
Bxe6 {[%clk 1:17:32]} fxe6 {[%clk 0:40:02]} 19. a3 {[%clk 1:17:57]} Rad8 {[%clk
0:40:17]} 20. Ne4 {[%clk 1:18:22]} Rd5 {[%clk 0:37:09]} 21. Ke2 {[%clk 1:14:34]}
b5 {[%clk 0:37:15]} 22. Rd3 {[%clk 1:13:31]} Bb6 {[%clk 0:34:49]} 23. Rhd1 {[%clk
1:13:29]} Rfd8 {[%clk 0:35:00]} 24. f3 {[%clk 1:11:12]} Kf7 {[%clk 0:33:23]} 25.
Ng3 {[%clk 0:55:22]} Kf6 {[%clk 0:27:41]} 26. Nf1 {[%clk 0:55:26]} h5 {[%clk
0:20:20]} 27. Ne3 {[%clk 0:39:27]} Bxe3 {[%clk 0:20:34]} 28. Kxe3 {[%clk
0:39:54]} Kf5 {[%clk 0:20:58]} 29. g3 {[%clk 0:38:47]} Rxd3+ {[%clk 0:16:05]} 30.
Rxd3 {[%clk 0:39:13]} Rxd3+ {[%clk 0:16:32]} 31. Kxd3 {[%clk 0:39:42]} e4+ {[%clk
0:16:57]} 32. Ke3 {[%clk 0:39:11]} exf3 {[%clk 0:14:55]} 33. Kxf3 {[%clk
0:39:40]} Ke5 {[%clk 0:09:26]} 34. b3 {[%clk 0:36:04]} g5 {[%clk 0:09:15]} 35. h3
{[%clk 0:36:21]} Kd5 {[%clk 0:04:54]} 36. Ke3 {[%clk 0:36:15]} Ke5 {[%clk
0:03:57]} 37. Kd3 {[%clk 0:23:07]} Kd5 {[%clk 0:04:16]} 38. Ke3 {[%clk 0:11:53]}
Ke5 {[%clk 0:03:37]} 39. Kf3 {[%clk 0:12:08]} Kf5 {[%clk 0:01:52]} 40. c4 {[%clk
0:40:40]} bxc4 {[%clk 0:32:17]} 41. bxc4 {[%clk 0:41:07]} Ke5 {[%clk 0:32:40]}
42. Ke3 {[%clk 0:35:46]} g4 {[%clk 0:17:16]} 43. h4 {[%clk 0:05:12]} Kd6 {[%clk
0:14:13]} 44. Kf4 {[%clk 0:05:23]} e5+ {[%clk 0:10:09]} 45. Kf5 {[%clk 0:05:32]}
Kc5 {[%clk 0:06:19]} 46. Kxe5 {[%clk 0:05:58]} Kxc4 {[%clk 0:06:44]} 47. Kf5
{[%clk 0:05:27]} Kd4 {[%clk 0:06:12]} 48. Kg5 {[%clk 0:05:44]} Ke4 {[%clk
0:06:24]} 49. Kxh5 {[%clk 0:06:10]} Kf3 {[%clk 0:06:16]} 50. Kg6 {[%clk 0:06:12]}
Kxg3 {[%clk 0:06:41]} 51. h5 {[%clk 0:06:40]} Kf4 {[%clk 0:06:39]} 52. h6 {[%clk
0:07:08]} g3 {[%clk 0:07:03]} 53. h7 {[%clk 0:07:36]} g2 {[%clk 0:07:30]} 54. h8Q
{[%clk 0:07:59]} g1Q+ {[%clk 0:07:50]} 55. Kf7 {[%clk 0:08:27]} 1/2-1/2